La universidad en debate. 18 miradas sobre una controversia.
Na minha lista:
| Outros Autores: | , , |
|---|---|
| Formato: | Livro |
| Publicado em: |
Santiago, Chile:
Universidad de los Andes,
2018.
|
| Assuntos: | |
| Tags: |
Adicionar Tag
Sem tags, seja o primeiro a adicionar uma tag!
|
MARC
| LEADER | 00000nam a22000007a 4500 | ||
|---|---|---|---|
| 003 | CL-VaPUC | ||
| 005 | 20221201173909.0 | ||
| 008 | 221115t2018 ||||| |||| 00| 0 eng d | ||
| 999 | |c 439384 |d 439382 | ||
| 020 | |a 978-956-389-006-8 | ||
| 040 | |c Pontificia Universidad Católica de Valparaíso | ||
| 082 | |2 22 |a 378.83 GUZ 2018 | ||
| 100 | 1 | |a Guzmán, José Antonio |e editor |9 878443 | |
| 245 | |a La universidad en debate. |b 18 miradas sobre una controversia. | ||
| 260 | |a Santiago, Chile: |b Universidad de los Andes, |c 2018. | ||
| 300 | |a 365 páginas. | ||
| 500 | |a c.1. Donación Rector saliente Claudio Elortegui, Julio 2022. | ||
| 583 | |c 20221115 |k Catalogador Asistente | ||
| 650 | 0 | |9 256317 |a Universidades |x Autonomía y pluralismo |y Siglo 21 |z Chile | |
| 650 | 0 | |9 332645 |a Docencia universitaria |x Investigación científica |y Siglo 21 |z Chile | |
| 650 | 0 | |9 223851 |a Educación superior |x Misión institucional |x Acreditación |z Chile | |
| 700 | |a Brito, Juan Ignacio |e editor |9 878444 | ||
| 700 | |a Illanes, Ignacio |e editor |9 878445 | ||
| 942 | |2 ddc |c BK | ||
| 952 | |0 0 |1 0 |2 ddc |4 0 |6 378_830000000000000_GUZ_2018 |7 0 |8 A |9 587694 |a BIBEDU |b BIBEDU |c GEN |d 2022-11-15 |e Donación |i 5655565 |o 378.83 GUZ 2018 |p 5655565 |r 2022-11-15 |t 1 |w 2022-11-15 |y BK |k EDU | ||